000 01003nam a2200265Ia 4500
003 OSt
005 20221005103303.0
006 a|||||r|||| 00| 0
007 ta
008 221004b |||||||| |||| 00| 0 hin d
020 _c350
024 _a108206
037 _b12956, 18/03/2011, Kitab Ghar
_cTextual
040 _aCRL
_cCRL
_bhin
041 _2hin
_ahin
082 _aO152,1J32,1:g(A), P8
100 _aशर्मा, विष्णुदत्त
245 0 _aरामचरितमानस में वैज्ञानिक तत्व
246 _aRāmacharitamānas mean vaijnyānik tatva
260 _aगाजियाबाद
_bशोधप्रकाशन अकादमी भारत
_c2008
300 _a320पृ0
_ccm.
650 _aहिन्दी साहित्य
942 _hO152,1J32,1:g(A), P8
_cTEXL
_2cc
999 _c1009799
_d1009799